[Event "Oberliga Nord W 1516"]
[Site "Germany"]
[Date "2015.10.11"]
[Round "2.1"]
[White "Kuegel, Tobias"]
[Black "Haensel, Thomas"]
[Result "1/2-1/2"]
[WhiteElo "2243"]
[BlackElo "2341"]
[PlyCount "32"]
[EventDate "2015.09.20"]
[EventType "team-tourn"]
[EventRounds "9"]
[EventCountry "GER"]
[SourceTitle "CBM 170 Extra"]
[Source "ChessBase"]
[SourceDate "2016.02.25"]
[SourceVersion "1"]
[SourceVersionDate "2016.02.25"]
[SourceQuality "1"]
[WhiteTeam "Delmenhorst"]
[BlackTeam "Wolfsburg"]
[WhiteTeamCountry "GER"]
[BlackTeamCountry "GER"]

1. e4 c5 2. c4 Nc6 3. Ne2 g6 4. d4 cxd4 5. Nxd4 Bg7 6. Be3 Nf6 7. Nc3 d6 8. Be2 0-0 9. 0-0 Bd7 10. f3 Nxd4 11. Bxd4 Be6 12. b4 b6 13. Nd5 Bxd5 14. cxd5 g5 15. a3 Nd7 16. Bxg7 Kxg7 1/2-1/2

[Event "Oberliga Ost-B 1314"]
[Site "Germany"]
[Date "2013.11.24"]
[Round "4.1"]
[White "Kunin, Vitaly L"]
[Black "Haensel, Thomas"]
[Result "1-0"]
[WhiteElo "2514"]
[BlackElo "2376"]
[PlyCount "89"]
[EventDate "2013.10.13"]
[EventType "team-tourn"]
[EventRounds "11"]
[EventCountry "GER"]
[SourceTitle "EXT 2015"]
[Source "ChessBase"]
[SourceDate "2014.11.20"]
[SourceVersion "1"]
[SourceVersionDate "2014.11.20"]
[SourceQuality "1"]
[WhiteTeam "Moerlenbach"]
[BlackTeam "Erfurt Empor"]
[WhiteTeamCountry "GER"]
[BlackTeamCountry "GER"]

1. d4 Nf6 2. c4 g6 3. Nc3 Bg7 4. e4 d6 5. Nge2 0-0 6. Ng3 e5 7. d5 h5 8. Be2 h4 9. Nf1 Nh7 10. Be3 f5 11. h3 a5 12. exf5 gxf5 13. f4 Qf6 14. Nh2 e4 15. 0-0 Na6 16. Qe1 Qh6 17. Qf2 Bd7 18. Rab1 Bf6 19. Bd4 Rfe8 20. Bxf6 Qxf6 21. Rfd1 Nc5 22. Nf1 Nf8 23. Ne3 a4 24. Kh2 Re7 25. Rg1 Rg7 26. g4 hxg3+ 27. Rxg3 Rxg3 28. Qxg3+ Kh8 29. Rg1 Nh7 30. a3 Rf8 31. Rg2 Be8 32. Nxf5 Bf7 33. Ne3 Rg8 34. Ng4 Qd4 35. Qe3 Qg7 36. Bf1 Nf6 37. f5 Nxg4+ 38. hxg4 Qf6 39. Kg1 Re8 40. Rh2+ Kg7 41. g5 Qxf5 42. g6 Bxg6 43. Qh6+ Kg8 44. Rg2 Rf8 45. Qxg6+ 1-0

[Event "Oberliga Ost-B 1213"]
[Site "Germany"]
[Date "2012.09.30"]
[Round "1.2"]
[White "Alber, Horst"]
[Black "Haensel, Thomas"]
[Result "1/2-1/2"]
[WhiteElo "2336"]
[BlackElo "2385"]
[PlyCount "96"]
[EventDate "2012.09.30"]
[EventType "team-tourn"]
[EventRounds "11"]
[EventCountry "GER"]
[SourceTitle "EXT 2014"]
[Source "ChessBase"]
[SourceDate "2013.11.20"]
[SourceVersion "1"]
[SourceVersionDate "2013.11.20"]
[SourceQuality "1"]
[WhiteTeam "Marburg"]
[BlackTeam "Erfurt Empor"]
[WhiteTeamCountry "GER"]
[BlackTeamCountry "GER"]

1. d4 g6 2. c4 Bg7 3. Nf3 d6 4. Nc3 Nf6 5. e4 0-0 6. Be2 e5 7. 0-0 Nc6 8. d5 Ne7 9. b4 a5 10. bxa5 c5 11. Nd2 Rxa5 12. Nb3 Ra6 13. a4 Nd7 14. a5 f5 15. f3 f4 16. Ba3 Kh8 17. Nb5 Rf6 18. Qd2 g5 19. Rfb1 Rg6 20. Nxd6 Raxd6 21. Nxc5 Nxc5 22. Bxc5 Nc6 23. Bxd6 Qxd6 24. Kf1 Nd4 25. Qb4 Bf8 26. a6 bxa6 27. Qxd6 Rxd6 28. Rb8 Rd8 29. c5 Kg7 30. Bd3 Kf7 31. Ke1 Ke8 32. Rc1 a5 33. c6 Bb4+ 34. Kd1 Ke7 35. c7 Rg8 36. Rc4 g4 37. Rxd4 exd4 38. e5 gxf3 39. gxf3 Kd7 40. d6 Bxd6 41. exd6 Kxd6 42. Bxh7 Rg1+ 43. Kd2 Kxc7 44. Ra8 Rg2+ 45. Kd3 Rxh2 46. Be4 Rh5 47. Kxd4 Be6 48. Ra6 Bc8 1/2-1/2

[Event "Oberliga Ost-B 1112"]
[Site "Germany"]
[Date "2012.04.15"]
[Round "11.2"]
[White "Derichs, Roger"]
[Black "Haensel, Thomas"]
[Result "1/2-1/2"]
[WhiteElo "2303"]
[BlackElo "2373"]
[PlyCount "24"]
[EventDate "2011.10.02"]
[EventType "team-tourn"]
[EventRounds "11"]
[EventCountry "GER"]
[SourceTitle "EXT 2013"]
[Source "ChessBase"]
[SourceDate "2012.11.22"]
[SourceVersion "1"]
[SourceVersionDate "2012.11.22"]
[SourceQuality "1"]
[WhiteTeam "Giessen"]
[BlackTeam "Erfurt Empor"]
[WhiteTeamCountry "GER"]
[BlackTeamCountry "GER"]

1. c4 g6 2. g3 Bg7 3. Bg2 c5 4. Nc3 Nc6 5. Nf3 d6 6. 0-0 e5 7. a3 a5 8. Ne1 Nge7 9. Nc2 0-0 10. Rb1 a4 11. Ne3 Nd4 12. Ned5 Nxd5 1/2-1/2

[Event "Oberliga Ost-B 1011"]
[Site "Germany"]
[Date "2011.04.10"]
[Round "11.1"]
[White "Haensel, Thomas"]
[Black "Lubbe, Melanie"]
[Result "1-0"]
[WhiteElo "2381"]
[BlackElo "2326"]
[PlyCount "109"]
[EventDate "2010.10.24"]
[EventType "team-tourn"]
[EventRounds "11"]
[EventCountry "GER"]
[SourceTitle "EXT 2012"]
[Source "ChessBase"]
[SourceDate "2011.11.24"]
[SourceVersion "1"]
[SourceVersionDate "2011.11.24"]
[SourceQuality "1"]
[WhiteTeam "Erfurt Empor"]
[BlackTeam "Neuberg"]
[WhiteTeamCountry "GER"]
[BlackTeamCountry "GER"]

1. e4 e5 2. Nf3 Nc6 3. d4 exd4 4. Nxd4 Bb4+ 5. c3 Bc5 6. Be3 Bb6 7. Nd2 Nge7 8. Bd3 0-0 9. 0-0 Nxd4 10. Bxd4 d5 11. Bxb6 axb6 12. Qf3 dxe4 13. Nxe4 Nc6 14. Qg3 f5 15. Bc4+ Kh8 16. Rfd1 Qe7 17. Nd2 f4 18. Qd3 Bf5 19. Qf1 Rad8 20. Nf3 Bg4 21. Rxd8 Rxd8 22. Re1 Qf6 23. Qe2 h6 24. Qe4 Bxf3 25. Qxf3 Ne5 26. Qe4 Nxc4 27. Qxc4 Qd6 28. h3 f3 29. gxf3 Qd2 30. Re2 Qg5+ 31. Qg4 Qf6 32. Re6 Qf7 33. Qe4 c6 34. a3 Qd7 35. Kg2 Qd2 36. Qe5 Rg8 37. c4 Qc1 38. Kh2 Rf8 39. Re7 Rf6 40. Qg3 Qg5 41. Qxg5 hxg5 42. Kg3 Kh7 43. Rxb7 c5 44. Rc7 Rd6 45. b4 cxb4 46. axb4 Rd4 47. b5 Kg6 48. Rc6+ Kf5 49. Kg2 Rf4 50. Kf1 Rxf3 51. Rxb6 Rxh3 52. Kg2 Rc3 53. Rc6 g4 54. b6 Rb3 55. c5 1-0

[Event "Oberliga Ost-B 1011"]
[Site "Germany"]
[Date "2011.04.09"]
[Round "10.1"]
[White "Dubiel, Jacek"]
[Black "Haensel, Thomas"]
[Result "1/2-1/2"]
[WhiteElo "2413"]
[BlackElo "2381"]
[PlyCount "98"]
[EventDate "2010.10.24"]
[EventType "team-tourn"]
[EventRounds "11"]
[EventCountry "GER"]
[SourceTitle "EXT 2012"]
[Source "ChessBase"]
[SourceDate "2011.11.24"]
[SourceVersion "1"]
[SourceVersionDate "2011.11.24"]
[SourceQuality "1"]
[WhiteTeam "Hungen Lich"]
[BlackTeam "Erfurt Empor"]
[WhiteTeamCountry "GER"]
[BlackTeamCountry "GER"]

1. e4 c5 2. Nf3 d6 3. d4 Nf6 4. Nc3 cxd4 5. Nxd4 Nc6 6. Bg5 e6 7. Qd2 Be7 8. 0-0-0 Nxd4 9. Qxd4 0-0 10. e5 dxe5 11. Qxe5 Nd7 12. Bxe7 Qxe7 13. Qd6 Qxd6 14. Rxd6 Nf6 15. Be2 Rb8 16. Rhd1 e5 17. Nd5 Be6 18. Nxf6+ gxf6 19. Bf3 Rfe8 20. Bd5 Re7 21. b3 Kg7 22. c4 f5 23. f3 Kf6 24. Rd2 Rg8 25. Kb2 h5 26. c5 h4 27. b4 Kg5 28. Bxe6 fxe6 29. Rd8 Rxd8 30. Rxd8 Kf4 31. Rh8 Ke3 32. Rxh4 Kf2 33. Rc4 Kxg2 34. b5 Kxf3 35. c6 bxc6 36. bxc6 Rc7 37. Rc3+ Ke4 38. h4 f4 39. Kc2 Kf5 40. h5 e4 41. Kd2 e5 42. Ke2 Kg5 43. Rc5 Kxh5 44. Rxe5+ Kg4 45. Rc5 a5 46. a4 e3 47. Rc1 Kf5 48. Kf3 Ke5 49. Rc4 Kd5 1/2-1/2

[Event "Oberliga Ost-B 1011"]
[Site "Germany"]
[Date "2011.02.05"]
[Round "6.1"]
[White "Haensel, Thomas"]
[Black "Donchenko, Alexander"]
[Result "1-0"]
[WhiteElo "2381"]
[BlackElo "2174"]
[PlyCount "69"]
[EventDate "2010.10.24"]
[EventType "team-tourn"]
[EventRounds "11"]
[EventCountry "GER"]
[SourceTitle "EXT 2012"]
[Source "ChessBase"]
[SourceDate "2011.11.24"]
[SourceVersion "1"]
[SourceVersionDate "2011.11.24"]
[SourceQuality "1"]
[WhiteTeam "Erfurt Empor"]
[BlackTeam "Giessen"]
[WhiteTeamCountry "GER"]
[BlackTeamCountry "GER"]

1. e4 c5 2. Nf3 d6 3. d4 cxd4 4. Nxd4 Nf6 5. Nc3 a6 6. Bg5 Nbd7 7. Bc4 Qb6 8. Bb3 e6 9. Qd2 Be7 10. 0-0-0 Nc5 11. Rhe1 h6 12. Bxf6 Bxf6 13. f4 Nxb3+ 14. axb3 Qc7 15. Nf3 Be7 16. Qd4 0-0 17. g4 Qc5 18. Qd3 b5 19. h4 b4 20. Na4 Qb5 21. Qe3 Rd8 22. g5 h5 23. f5 g6 24. Nd4 Qb7 25. fxg6 fxg6 26. e5 d5 27. Ne2 Qc6 28. Nf4 Kh7 29. Qd3 Rg8 30. Nxh5 Qc7 31. Nf4 Bd7 32. Nxg6 Rxg6 33. h5 Bxg5+ 34. Kb1 Be8 35. Re2 1-0

[Event "Oberliga Ost-B 1011"]
[Site "Germany"]
[Date "2011.01.16"]
[Round "5.1"]
[White "Haensel, Thomas"]
[Black "Reschke, Stefan"]
[Result "1/2-1/2"]
[WhiteElo "2381"]
[BlackElo "2372"]
[PlyCount "40"]
[EventDate "2010.10.24"]
[EventType "team-tourn"]
[EventRounds "11"]
[EventCountry "GER"]
[SourceTitle "EXT 2012"]
[Source "ChessBase"]
[SourceDate "2011.11.24"]
[SourceVersion "1"]
[SourceVersionDate "2011.11.24"]
[SourceQuality "1"]
[WhiteTeam "Erfurt Empor"]
[BlackTeam "Offenbach"]
[WhiteTeamCountry "GER"]
[BlackTeamCountry "GER"]

1. e4 e6 2. d4 d5 3. Nc3 Nf6 4. e5 Nfd7 5. f4 c5 6. Nf3 Nc6 7. Be3 Be7 8. Qd2 0-0 9. g3 a6 10. Bh3 b5 11. a3 Nb6 12. b3 b4 13. axb4 cxb4 14. Na4 Nxa4 15. Rxa4 Na7 16. Bf1 a5 17. Bd3 Bd7 18. Ra1 Nb5 19. 0-0 Nc3 20. g4 Qc8 1/2-1/2

[Event "Oberliga Ost-B 0910"]
[Site "Germany"]
[Date "2010.04.11"]
[Round "11.1"]
[White "Haensel, Thomas"]
[Black "Derichs, Roger"]
[Result "1/2-1/2"]
[WhiteElo "2359"]
[BlackElo "2330"]
[PlyCount "85"]
[EventDate "2009.10.18"]
[EventType "team-tourn"]
[EventRounds "11"]
[EventCountry "GER"]
[SourceTitle "EXT 2011"]
[Source "ChessBase"]
[SourceDate "2010.11.26"]
[SourceVersion "1"]
[SourceVersionDate "2010.11.26"]
[SourceQuality "1"]
[WhiteTeam "Erfurt Empor"]
[BlackTeam "Giessen"]
[WhiteTeamCountry "GER"]
[BlackTeamCountry "GER"]

1. e4 e5 2. Nf3 Nc6 3. Bb5 a6 4. Bxc6 dxc6 5. 0-0 Bg4 6. h3 h5 7. d3 Qf6 8. Nbd2 Ne7 9. Nc4 Bxf3 10. Qxf3 Qxf3 11. gxf3 Ng6 12. Rd1 0-0-0 13. Be3 Bd6 14. Kf1 Nf8 15. d4 exd4 16. Rxd4 Ne6 17. Rd3 f6 18. Nxd6+ Rxd6 19. f4 g6 20. Ke2 f5 21. Rg1 Rh6 22. Kf3 Ng7 23. Rgd1 Kd7 24. Bc5 Rxd3+ 25. Rxd3+ Ke8 26. Bd4 Ne6 27. Rd1 Rh7 28. Be5 Re7 29. exf5 gxf5 30. Kg3 Kf7 31. Kh4 Kg6 32. Rg1+ Kh6 33. Rg8 Rf7 34. Rh8+ Kg6 35. a3 c5 36. Rxh5 Rf8 37. Rh8 Rxh8+ 38. Bxh8 Nxf4 39. Be5 Ne6 40. c4 c6 41. Kg3 Kg5 42. Bf4+ Kh5 43. Bd6 1/2-1/2

[Event "Oberliga Ost-B 0910"]
[Site "Germany"]
[Date "2010.01.23"]
[Round "6.2"]
[White "Haensel, Thomas"]
[Black "Dubiel, Jacek"]
[Result "1/2-1/2"]
[WhiteElo "2359"]
[BlackElo "2397"]
[PlyCount "69"]
[EventDate "2009.10.18"]
[EventType "team-tourn"]
[EventRounds "11"]
[EventCountry "GER"]
[SourceTitle "EXT 2011"]
[Source "ChessBase"]
[SourceDate "2010.11.26"]
[SourceVersion "1"]
[SourceVersionDate "2010.11.26"]
[SourceQuality "1"]
[WhiteTeam "Erfurt Empor"]
[BlackTeam "Hungen Lich"]
[WhiteTeamCountry "GER"]
[BlackTeamCountry "GER"]

1. e4 c5 2. Nf3 e6 3. c3 Nf6 4. e5 Nd5 5. Bc4 Nb6 6. Bb3 d6 7. d4 cxd4 8. cxd4 dxe5 9. Nxe5 Nc6 10. Nxc6 bxc6 11. 0-0 Bd6 12. Qg4 0-0 13. Bg5 Be7 14. Bxe7 Qxe7 15. Nc3 c5 16. dxc5 Qxc5 17. Rac1 Qe7 18. Rfe1 Ba6 19. Na4 Rac8 20. Nxb6 axb6 21. Qd4 Qd8 22. Qe3 Qd6 23. Red1 Rxc1 24. Qxc1 Qe5 25. h3 Bb7 26. Rd7 Ba8 27. Qd2 g6 28. f3 Bc6 29. Rd8 Qc5+ 30. Kh2 Bd5 31. Rxf8+ Kxf8 32. Qc3 Bxb3 33. Qxb3 Qe5+ 34. Kg1 Qe1+ 35. Kh2 1/2-1/2

[Event "Oberliga Ost-B 0910"]
[Site "Germany"]
[Date "2009.12.13"]
[Round "5.2"]
[White "Haensel, Thomas"]
[Black "Aepfler, Christian"]
[Result "1/2-1/2"]
[WhiteElo "2359"]
[BlackElo "2297"]
[PlyCount "23"]
[EventDate "2009.10.18"]
[EventType "team-tourn"]
[EventRounds "11"]
[EventCountry "GER"]
[SourceTitle "EXT 2011"]
[Source "ChessBase"]
[SourceDate "2010.11.26"]
[SourceVersion "1"]
[SourceVersionDate "2010.11.26"]
[SourceQuality "1"]
[WhiteTeam "Erfurt Empor"]
[BlackTeam "Erfurt Medizin"]
[WhiteTeamCountry "GER"]
[BlackTeamCountry "GER"]

1. e4 d6 2. d4 Nf6 3. Nc3 e5 4. Nf3 Nbd7 5. Bc4 Be7 6. 0-0 0-0 7. a4 c6 8. Ba2 b6 9. Qe2 Bb7 10. Rd1 Qc7 11. dxe5 Nxe5 12. Nxe5 1/2-1/2

[Event "Oberliga Ost-B 0809"]
[Site "Germany"]
[Date "2009.01.31"]
[Round "6.2"]
[White "Galdunts, Sergey"]
[Black "Haensel, Thomas"]
[Result "1-0"]
[WhiteElo "2429"]
[BlackElo "2348"]
[PlyCount "105"]
[EventDate "2008.10.26"]
[EventType "team-tourn"]
[EventRounds "11"]
[EventCountry "GER"]
[SourceTitle "EXT 2010"]
[Source "ChessBase"]
[SourceDate "2010.11.25"]
[SourceVersion "1"]
[SourceVersionDate "2010.11.25"]
[SourceQuality "1"]
[WhiteTeam "Moerlenbach"]
[BlackTeam "Erfurt Empor"]
[WhiteTeamCountry "GER"]
[BlackTeamCountry "GER"]

1. e4 c5 2. Nf3 d6 3. d4 Nf6 4. Nc3 cxd4 5. Qxd4 Nc6 6. Bb5 Bd7 7. Bxc6 Bxc6 8. Bg5 e6 9. 0-0-0 Be7 10. Qd3 Qa5 11. Kb1 0-0 12. h4 Rfe8 13. Nd4 Rad8 14. f4 h6 15. f5 Qe5 16. Rde1 Ng4 17. Nxc6 bxc6 18. Qf3 Bxg5 19. hxg5 exf5 20. Re2 hxg5 21. exf5 Qf4 22. Rxe8+ Rxe8 23. Qxc6 Qe5 24. a3 Nf6 25. Rd1 Qxf5 26. Qxd6 g4 27. Qc6 Re7 28. Nd5 Nxd5 29. Rxd5 Qf1+ 30. Ka2 Re6 31. Rd8+ Kh7 32. Qd5 Kg6 33. Rc8 Qf5 34. Qxf5+ Kxf5 35. Rc7 Kg6 36. Rxa7 Re2 37. Rc7 Rxg2 38. b4 Rf2 39. b5 g3 40. Rc3 g2 41. Rg3+ Kh6 42. Kb2 g5 43. a4 Rf4 44. Rxg2 Rxa4 45. Kb3 Ra1 46. c4 Ra8 47. b6 f5 48. c5 f4 49. b7 Rb8 50. c6 f3 51. Rh2+ Kg6 52. Kc3 g4 53. c7 1-0

[Event "Oberliga Ost-B 0809"]
[Site "Germany"]
[Date "2008.11.29"]
[Round "2.2"]
[White "Haensel, Thomas"]
[Black "Grafl, Florian"]
[Result "1/2-1/2"]
[WhiteElo "2348"]
[BlackElo "2396"]
[PlyCount "93"]
[EventDate "2008.10.26"]
[EventType "team-tourn"]
[EventRounds "11"]
[EventCountry "GER"]
[SourceTitle "EXT 2010"]
[Source "ChessBase"]
[SourceDate "2010.11.25"]
[SourceVersion "1"]
[SourceVersionDate "2010.11.25"]
[SourceQuality "1"]
[WhiteTeam "Erfurt Empor"]
[BlackTeam "Hungen Lich"]
[WhiteTeamCountry "GER"]
[BlackTeamCountry "GER"]

1. e4 d5 2. exd5 Qxd5 3. Nc3 Qd6 4. g3 Nf6 5. Bg2 Nc6 6. Nge2 Bf5 7. 0-0 e5 8. d3 Qd7 9. Bg5 0-0-0 10. a3 Bh3 11. b4 h6 12. Bxf6 gxf6 13. b5 Nd4 14. Bxh3 Qxh3 15. Nxd4 Rxd4 16. Qf3 f5 17. a4 h5 18. Qg2 Qxg2+ 19. Kxg2 Bg7 20. Ne2 Rd6 21. Rab1 h4 22. f3 Rg6 23. Rb4 Bf8 24. Rc4 hxg3 25. hxg3 f4 26. Rh1 Rxh1 27. Kxh1 fxg3 28. Kg2 f5 29. d4 Bd6 30. dxe5 Bxe5 31. Rc5 Re6 32. Nxg3 f4 33. Ne4 Rg6+ 34. Kh3 Bd4 35. Rf5 Be3 36. Rf8+ Kd7 37. Rf7+ Kd8 38. Kh4 a6 39. Kh5 Re6 40. Kg4 axb5 41. axb5 Rb6 42. c4 c6 43. bxc6 Rxc6 44. Rxb7 Rxc4 45. Kf5 Rc7 46. Rb8+ Rc8 47. Rxc8+ 1/2-1/2

[Event "Oberliga Ost-B 0708"]
[Site "Germany"]
[Date "2008.01.20"]
[Round "7.4"]
[White "Haensel, Thomas"]
[Black "Jakel, Wolfgang"]
[Result "1-0"]
[WhiteElo "2322"]
[BlackElo "2273"]
[PlyCount "79"]
[EventDate "2007.10.07"]
[EventType "team-tourn"]
[EventRounds "11"]
[EventCountry "GER"]
[SourceTitle "EXT 2009"]
[Source "ChessBase"]
[SourceDate "2008.11.26"]
[SourceVersion "1"]
[SourceVersionDate "2008.11.26"]
[SourceQuality "1"]
[WhiteTeam "Erfurt Empor"]
[BlackTeam "Offenbach"]
[WhiteTeamCountry "GER"]
[BlackTeamCountry "GER"]

1. e4 c5 2. Nf3 d6 3. d4 cxd4 4. Nxd4 Nf6 5. Nc3 e6 6. Be3 Be7 7. f3 Nc6 8. Qd2 0-0 9. g4 a6 10. 0-0-0 Qc7 11. g5 Nd7 12. Kb1 Nde5 13. f4 Nxd4 14. Qxd4 Nc6 15. Qd2 b5 16. h4 Re8 17. h5 Bf8 18. g6 fxg6 19. hxg6 h6 20. Bd3 Qe7 21. Rdg1 Rb8 22. Rh5 Rb7 23. Ne2 Qd8 24. Rgh1 Qa5 25. c3 Qd8 26. Nd4 Bd7 27. Nf3 Na5 28. f5 Bc6 29. Nd4 exf5 30. Nxc6 Nxc6 31. Bc2 d5 32. Bb3 Rd7 33. Bb6 Qf6 34. exd5 Ne5 35. d6+ Nc4 36. Bd4 Rxd6 37. Qd3 Qxg6 38. Rxf5 Kh7 39. Bc2 Ne3 40. Rxf8 1-0

[Event "Oberliga Ost-B 0708"]
[Site "Germany"]
[Date "2007.11.03"]
[Round "2.3"]
[White "Haensel, Thomas"]
[Black "Meyer, Kai Christian"]
[Result "1-0"]
[WhiteElo "2322"]
[BlackElo "2125"]
[PlyCount "123"]
[EventDate "2007.10.07"]
[EventType "team-tourn"]
[EventRounds "11"]
[EventCountry "GER"]
[SourceTitle "EXT 2009"]
[Source "ChessBase"]
[SourceDate "2008.11.26"]
[SourceVersion "1"]
[SourceVersionDate "2008.11.26"]
[SourceQuality "1"]
[WhiteTeam "Erfurt Empor"]
[BlackTeam "Schoeneck II"]
[WhiteTeamCountry "GER"]
[BlackTeamCountry "GER"]

1. e4 c6 2. d4 d5 3. exd5 cxd5 4. Bd3 Nf6 5. h3 Nc6 6. c3 e6 7. Nf3 Bd7 8. Bf4 Qb6 9. Qb3 Na5 10. Qxb6 axb6 11. Nbd2 b5 12. a3 Nc4 13. Rb1 Bc6 14. 0-0 Nd7 15. Rfe1 Be7 16. Nf1 0-0 17. Re2 Ndb6 18. Rbe1 Rfc8 19. h4 h6 20. h5 Nd7 21. g4 Nf6 22. Ne5 Nxe5 23. dxe5 Nd7 24. Nd2 Ra4 25. b4 Rxa3 26. Nb1 Ra1 27. Nd2 Ra3 28. Rc1 Nb6 29. Be3 Na4 30. Nb1 Ra1 31. Bd4 Bg5 32. Rf1 Bd8 33. c4 Rxb1 34. Bxb1 bxc4 35. Bc2 Bb6 36. Rd2 Bxd4 37. Rxd4 Nb6 38. Ra1 Kf8 39. Ra7 Rc7 40. f4 Ke7 41. g5 Bb5 42. gxh6 gxh6 43. Ra5 Bc6 44. Kf2 Rc8 45. Rd1 Rd8 46. b5 Be8 47. Ra7 Rb8 48. Ke3 Bxb5 49. f5 exf5 50. Rb1 Nc8 51. Ra5 Bc6 52. Bxf5 Kf8 53. Rf1 b6 54. Ra6 Ne7 55. Be6 Be8 56. Bxf7 Bxf7 57. e6 Nc6 58. Rxf7+ Kg8 59. Rc7 Nd8 60. e7 Ne6 61. Rc6 Kf7 62. Rxe6 1-0

[Event "Oberliga Ost-B 0607"]
[Site "Germany"]
[Date "2007.04.22"]
[Round "11.3"]
[White "Bastian, Martin"]
[Black "Haensel, Thomas"]
[Result "1-0"]
[WhiteElo "2242"]
[BlackElo "2322"]
[PlyCount "99"]
[EventDate "2006.10.15"]
[EventType "team-tourn"]
[EventRounds "11"]
[EventCountry "GER"]
[SourceTitle "EXT 2008"]
[Source "ChessBase"]
[SourceDate "2007.11.25"]
[SourceVersion "1"]
[SourceVersionDate "2007.11.25"]
[SourceQuality "1"]
[WhiteTeam "Offenbach"]
[BlackTeam "Erfurt Empor"]
[WhiteTeamCountry "GER"]
[BlackTeamCountry "GER"]

1. e4 c5 2. Nc3 g6 3. g3 Bg7 4. Bg2 Nc6 5. d3 d6 6. f4 e6 7. Nf3 Nge7 8. 0-0 0-0 9. Be3 b6 10. Bf2 e5 11. Qd2 Be6 12. Rae1 h6 13. a3 Rc8 14. Nh4 f5 15. exf5 gxf5 16. Be3 Kh7 17. g4 fxg4 18. fxe5 d5 19. Bf4 Qe8 20. Bg3 Qh5 21. Ne2 Qg5 22. Nf4 Bxe5 23. c4 d4 24. Qe2 Bxf4 25. Qxe6 Bxg3 26. Be4+ Kg7 27. hxg3 Rxf1+ 28. Rxf1 Qe3+ 29. Kg2 Rf8 30. Rxf8 Kxf8 31. Qf6+ Kg8 32. Bxc6 Qe2+ 33. Kg1 Nxc6 34. Qg6+ Kf8 35. Qxh6+ Kf7 36. Qxc6 Qxd3 37. Qd7+ Kf6 38. Qxg4 Qb1+ 39. Kg2 Qxb2+ 40. Kh3 Qxa3 41. Qf5+ Ke7 42. Ng6+ Kd6 43. Ne5 Qa4 44. Qf6+ Kc7 45. Qe7+ Kb8 46. g4 Qa6 47. Qd6+ Ka8 48. Qd8+ Kb7 49. Qd7+ Ka8 50. g5 1-0

[Event "Oberliga Ost-B 0607"]
[Site "Germany"]
[Date "2007.02.25"]
[Round "7.3"]
[White "Koller, Jens"]
[Black "Haensel, Thomas"]
[Result "1-0"]
[WhiteElo "2264"]
[BlackElo "2322"]
[PlyCount "49"]
[EventDate "2006.10.15"]
[EventType "team-tourn"]
[EventRounds "11"]
[EventCountry "GER"]
[SourceTitle "EXT 2008"]
[Source "ChessBase"]
[SourceDate "2007.11.25"]
[SourceVersion "1"]
[SourceVersionDate "2007.11.25"]
[SourceQuality "1"]
[WhiteTeam "Oberursel"]
[BlackTeam "Erfurt Empor"]
[WhiteTeamCountry "GER"]
[BlackTeamCountry "GER"]

1. e4 c5 2. Nf3 d6 3. d4 cxd4 4. Nxd4 Nf6 5. Nc3 a6 6. Bg5 e6 7. f4 Qb6 8. Qd2 Qxb2 9. Nb3 Qa3 10. Bxf6 gxf6 11. Be2 Nc6 12. 0-0 Bd7 13. Bh5 Na5 14. f5 Nxb3 15. cxb3 Ke7 16. Kh1 Qc5 17. Rac1 Qe5 18. Nd5+ exd5 19. exd5 Bg7 20. Rce1 Rac8 21. Rxe5+ fxe5 22. f6+ Bxf6 23. Qh6 Bh4 24. Bxf7 Be1 25. Qf6+ 1-0

[Event "Oberliga Ost-B 0607"]
[Site "Germany"]
[Date "2007.02.24"]
[Round "6.3"]
[White "Haensel, Thomas"]
[Black "Tischendorf, Michael"]
[Result "1-0"]
[WhiteElo "2322"]
[BlackElo "2165"]
[PlyCount "77"]
[EventDate "2006.10.15"]
[EventType "team-tourn"]
[EventRounds "11"]
[EventCountry "GER"]
[SourceTitle "EXT 2008"]
[Source "ChessBase"]
[SourceDate "2007.11.25"]
[SourceVersion "1"]
[SourceVersionDate "2007.11.25"]
[SourceQuality "1"]
[WhiteTeam "Erfurt Empor"]
[BlackTeam "Hofheim II"]
[WhiteTeamCountry "GER"]
[BlackTeamCountry "GER"]

1. e4 e6 2. d4 d5 3. Nc3 Bb4 4. exd5 exd5 5. Bd3 Ne7 6. Qh5 Nbc6 7. Nge2 Be6 8. a3 Bd6 9. Nb5 a6 10. Nxd6+ Qxd6 11. 0-0 Qd7 12. Ng3 Nxd4 13. Qe5 Ndc6 14. Qxg7 0-0-0 15. Bxh7 Nf5 16. Bxf5 Bxf5 17. c3 Bd3 18. Rd1 Bc2 19. Re1 Rh7 20. Qf6 Rdh8 21. Nf1 d4 22. cxd4 Nxd4 23. Bf4 Ne6 24. Bg3 Rg8 25. Rac1 Rg6 26. Qc3 Ba4 27. Qe3 Kb8 28. Nd2 Qd5 29. Nf3 Rh8 30. Qe5 Qxe5 31. Nxe5 Rg7 32. Nxf7 Re8 33. Ne5 Nd4 34. Rc4 Rg4 35. Rxa4 Ne2+ 36. Rxe2 Rxa4 37. Nc6+ bxc6 38. Rxe8+ Kb7 39. h4 1-0

[Event "Oberliga Ost-B 0405"]
[Site "Germany"]
[Date "2005.01.15"]
[Round "6.1"]
[White "Haensel, Thomas"]
[Black "Staller, Peter"]
[Result "1/2-1/2"]
[WhiteElo "2310"]
[BlackElo "2279"]
[PlyCount "33"]
[EventDate "2004.10.10"]
[EventType "team-tourn"]
[EventRounds "11"]
[EventCountry "GER"]
[SourceTitle "EXT 2006"]
[Source "ChessBase"]
[SourceDate "2005.11.24"]
[SourceVersion "1"]
[SourceVersionDate "2005.11.24"]
[SourceQuality "1"]
[WhiteTeam "Erfurt Empor"]
[BlackTeam "Frankfurt FTG"]
[WhiteTeamCountry "GER"]
[BlackTeamCountry "GER"]

1. e4 c5 2. Nf3 e6 3. d4 cxd4 4. Nxd4 Nf6 5. Nc3 d6 6. g4 h6 7. Rg1 Nc6 8. h4 h5 9. g5 Ng4 10. Be2 g6 11. Nb3 a6 12. Bxg4 hxg4 13. Qxg4 Ne5 14. Qe2 Rxh4 15. f4 Rh2 16. Qf1 Nc6 17. Rg2 1/2-1/2

[Event "Oberliga Ost-B 0405"]
[Site "Germany"]
[Date "2004.12.12"]
[Round "5.1"]
[White "Galdunts, Sergey"]
[Black "Haensel, Thomas"]
[Result "1-0"]
[WhiteElo "2489"]
[BlackElo "2310"]
[PlyCount "63"]
[EventDate "2004.10.10"]
[EventType "team-tourn"]
[EventRounds "11"]
[EventCountry "GER"]
[SourceTitle "EXT 2006"]
[Source "ChessBase"]
[SourceDate "2005.11.24"]
[SourceVersion "1"]
[SourceVersionDate "2005.11.24"]
[SourceQuality "1"]
[WhiteTeam "Moerlenbach"]
[BlackTeam "Erfurt Empor"]
[WhiteTeamCountry "GER"]
[BlackTeamCountry "GER"]

1. e4 c5 2. Nf3 d6 3. d4 cxd4 4. Qxd4 Nc6 5. Bb5 Bd7 6. Bxc6 Bxc6 7. Nc3 Nf6 8. Bg5 e6 9. 0-0-0 Be7 10. Qd3 Qa5 11. h4 0-0 12. Nd4 Rfe8 13. f4 d5 14. Bxf6 dxe4 15. Nxc6 bxc6 16. Nxe4 gxf6 17. Qc4 f5 18. Ng5 Bf6 19. c3 Rab8 20. Rhe1 Qb5 21. Qxb5 cxb5 22. Rd7 b4 23. Nxf7 bxc3 24. bxc3 Bxc3 25. Re3 Bb2+ 26. Kd1 Kf8 27. Ng5 Rb6 28. Nxh7+ Kg8 29. Rg3+ Kh8 30. Ng5 Bf6 31. Rh7+ Kg8 32. Ne4+ 1-0